000 01407cam a2200373ui 4500
999 _c200431356
_d49568
001 200431356
003 TR-AnTOB
005 20231221104651.0
007 ta
008 830823r1975 tu a ebi 000 0 tur
010 _aunk83037147
040 _aDLC
_beng
_erda
_cDLC
_dTR-AnTOB
041 0 _atur
050 4 _aHF1017
_b.C55 1975
090 _aHF1017
_b.C55 1975
100 1 _aCillov, Halûk,
_d1920-2017
_eauthor
_9127872
245 1 0 _aİktisadî olaylara uygulanan istatistik metodları :
_bindeksler-zaman serilerinin tahlili-istatistik münasebetleri-iktisadi istatistikler /
_cProf. Dr. Halûk Cilov.
246 1 2 _aİstatistik metodları.
250 _aGözden geçirilmiş dördüncü baskı.
264 1 _aIstanbul :
_bİstanbul Üniversitesi İktisat Fakültesi,
_c1975.
300 _ax, 359 pages :
_billustrations ;
_c25 cm
336 _atext
_btxt
_2rdacontent
337 _aunmediated
_bn
_2rdamedia
338 _avolume
_bnc
_2rdacarrier
490 0 _aİstanbul Üniversitesi yayınlarından ;
_vno.2005.
_aİktisat Fakültesi ;
_vno.346
504 _aBIB
650 7 _aTicari istatistikler
_2etuturkob
_93739
650 7 _aEkonomi
_xİstatistiksel yöntemler
_2etuturkob
_9107289
650 7 _aİstatistik
_2etuturkob
_99588
710 2 _aİstanbul Üniversitesi.
_bİktisat Fakültesi
_932798
942 _2lcc
_cBK